[Event "Copenhagen Chess Challenge 2013"]
[Site "Ballerup"]
[Date "2013.??.??"]
[Round "8"]
[White "Lindgren, Philip"]
[Black "Brondt, Nicolai Kvist"]
[Result "1-0"]
[WhiteElo "2260"]
[BlackElo "2169"]
[PlyCount "61"]
[EventDate "2013.??.??"]
[EventType "swiss"]
[EventRounds "9"]
[EventCountry "DEN"]

1. d4 d5 2. c4 c6 3. Nf3 Nf6 4. Nc3 dxc4 5. a4 e6 6. e4 Bb4 7. e5 Nd5 8. Bd2 b5
9. Ng5 Nxc3 10. Qh5 Rf8 11. bxc3 Be7 12. Nxh7 g6 13. Qh6 Rg8 14. h4 Qd5 15. Qf4
a5 16. Be2 b4 17. Bf3 Qd8 18. h5 g5 19. Qg4 bxc3 20. Be3 Rh8 21. Nxg5 Nd7 22.
Nxf7 Kxf7 23. Qg6+ Kf8 24. h6 Bf6 25. Bh5 Qe7 26. exf6 Nxf6 27. Bg5 c2 28. Bxf6
Qb4+ 29. Ke2 c1=N+ 30. Raxc1 Qb2+ 31. Rc2 1-0

[Event "Copenhagen Chess Challenge 2013"]
[Site "Ballerup"]
[Date "2013.??.??"]
[Round "8"]
[White "Mihajlov, Sebastian"]
[Black "Frisk, Ellinor"]
[Result "1/2-1/2"]
[WhiteElo "2063"]
[BlackElo "2194"]
[PlyCount "71"]
[EventDate "2013.??.??"]
[EventType "swiss"]
[EventRounds "9"]
[EventCountry "DEN"]

1. d4 d5 2. c4 c6 3. Nf3 Nf6 4. Nc3 e6 5. e3 Nbd7 6. Bd3 dxc4 7. Bxc4 b5 8. Bd3
a6 9. O-O c5 10. Qe2 Bb7 11. a3 Be7 12. Rd1 Qb6 13. Bc2 O-O 14. dxc5 Nxc5 15.
e4 Rfd8 16. Bg5 Qc7 17. Rac1 Rxd1+ 18. Rxd1 Rd8 19. Rxd8+ Qxd8 20. b4 Ncd7 21.
Qd3 Nb6 22. Qxd8+ Bxd8 23. Bd3 Bc7 24. Kf1 h6 25. Be3 Nfd7 26. Ke2 Kf8 27. Bd4
f6 28. h3 Kf7 29. g4 Bf4 30. Be3 Bd6 31. Bd4 Ke7 32. h4 Bf4 33. h5 Bc7 34. Kd1
Nc8 35. Ke2 Bb6 36. a4 1/2-1/2

[Event "Copenhagen Chess Challenge 2013"]
[Site "Ballerup"]
[Date "2013.??.??"]
[Round "8"]
[White "Karlsson, Robin"]
[Black "Rhee, Alexander"]
[Result "0-1"]
[WhiteElo "1947"]
[BlackElo "2147"]
[PlyCount "34"]
[EventDate "2013.??.??"]
[EventType "swiss"]
[EventRounds "9"]
[EventCountry "DEN"]

1. d4 Nf6 2. c4 Nc6 3. Nf3 e6 4. g3 d5 5. Bg2 dxc4 6. Qa4 Bd7 7. Qxc4 b5 8. Qd3
Nb4 9. Qb3 c5 10. dxc5 Na6 11. O-O Nxc5 12. Qc2 Bc6 13. b4 Be4 14. Qb2 Na4 15.
Qe5 Qd5 16. a3 Bxf3 17. Qxf6 Bxg2 0-1

[Event "Copenhagen Chess Challenge 2013"]
[Site "Ballerup"]
[Date "2013.??.??"]
[Round "8"]
[White "Andersen, Kim Nyvang"]
[Black "Pedersen, Sven"]
[Result "0-1"]
[WhiteElo "2003"]
[BlackElo "2083"]
[PlyCount "44"]
[EventDate "2013.??.??"]
[EventType "swiss"]
[EventRounds "9"]
[EventCountry "DEN"]

1. d4 d5 2. c4 e6 3. Nc3 c6 4. Nf3 dxc4 5. e4 b5 6. Be2 Bb7 7. O-O Nd7 8. d5
exd5 9. exd5 cxd5 10. Re1 Be7 11. Nxb5 a6 12. Nc3 Ngf6 13. b3 cxb3 14. Qxb3 Nc5
15. Qb1 O-O 16. Be3 Rb8 17. Rd1 Qa5 18. Rc1 Rfd8 19. Nd4 Nfe4 20. Qc2 Bd6 21.
Nb3 Nxb3 22. axb3 Qxc3 0-1

[Event "Copenhagen Chess Challenge 2013"]
[Site "Ballerup"]
[Date "2013.??.??"]
[Round "8"]
[White "Percivaldi, Martin"]
[Black "Ulrich, Thomas"]
[Result "1-0"]
[WhiteElo "2097"]
[BlackElo "2005"]
[PlyCount "143"]
[EventDate "2013.??.??"]
[EventType "swiss"]
[EventRounds "9"]
[EventCountry "DEN"]

1. d4 e6 2. c4 Nf6 3. g3 c5 4. d5 exd5 5. cxd5 d6 6. Nc3 g6 7. Bg2 Bg7 8. Nf3
O-O 9. O-O Nbd7 10. Nd2 a6 11. a4 Rb8 12. Nc4 Nb6 13. Na3 Qc7 14. h3 Ne8 15. a5
Nd7 16. Nc4 Ne5 17. Nb6 Nd7 18. Nca4 Nxb6 19. Nxb6 Bd7 20. Qc2 Bb5 21. Re1 Nf6
22. Bd2 Nd7 23. Nxd7 Qxd7 24. Bc3 b6 25. Bxg7 Kxg7 26. Qc3+ f6 27. axb6 Rxb6
28. e4 Qf7 29. f4 Kg8 30. b3 Rfb8 31. Ra3 Qe7 32. Kh2 Re8 33. Raa1 Rbb8 34. Re3
Qg7 35. Rae1 Rbc8 36. h4 Bd7 37. Qa5 Bb5 38. Qc3 Bd7 39. Qa1 Bb5 40. Bh3 Rcd8
41. Be6+ Kh8 42. Kg2 Rf8 43. Rh1 Ra8 44. Qc3 Rad8 45. Qa5 f5 46. e5 dxe5 47.
Rxe5 Bd3 48. Kh2 Bb5 49. Qc3 Rb8 50. Kg2 Rf6 51. Qxc5 Bd3 52. Rc1 Rxb3 53. Rc3
Rb2+ 54. Kf3 Be4+ 55. Ke3 Rf8 56. Qc7 Qh6 57. Qe7 Rbb8 58. Rc7 Rbe8 59. Qd7 Rd8
60. Qe7 Rde8 61. Qg5 Qxg5 62. hxg5 Rd8 63. Kd4 Rb8 64. d6 Rb4+ 65. Kc3 Rbb8 66.
Rec5 Bb7 67. Kd4 Rfe8 68. Ke5 a5 69. Rc1 Ba6 70. Kf6 Rb6 71. Rxh7+ Kxh7 72.
Rh1# 1-0

[Event "Copenhagen Chess Challenge 2013"]
[Site "Ballerup"]
[Date "2013.??.??"]
[Round "8"]
[White "Martins, David Pires Tavares"]
[Black "Olsen, Michael Richard W"]
[Result "0-1"]
[WhiteElo "2183"]
[BlackElo "1977"]
[PlyCount "86"]
[EventDate "2013.??.??"]
[EventType "swiss"]
[EventRounds "9"]
[EventCountry "DEN"]

1. e4 a6 2. Bc4 e6 3. Qe2 d6 4. Nf3 Nc6 5. c3 Ne5 6. Bb3 Qf6 7. Ng1 Qg5 8. g3
Qd8 9. f4 Nd7 10. Nf3 Ne7 11. d4 c6 12. f5 Nf6 13. Ng5 h6 14. fxe6 hxg5 15.
exf7+ Kd7 16. Bxg5 Qa5 17. e5 dxe5 18. dxe5 Nfd5 19. Nd2 Kc7 20. Nc4 Qc5 21. e6
b6 22. Qe5+ Kb7 23. Nd6+ Ka7 24. Ne4 Qa5 25. O-O-O Bb7 26. Bd2 c5 27. c4 Nb4
28. Kb1 Nec6 29. Qc7 Rc8 30. Qf4 Nd4 31. a3 Nxb3 32. Bc3 Qa4 33. Rd7 Nc6 34.
Nd6 Bxd6 35. Qxd6 Qxc4 36. Rd1 Nbd4 37. Bxd4 Nxd4 38. Re1 Rxh2 39. Rxb7+ Kxb7
40. Qd7+ Rc7 41. Rc1 Qb3 42. Qd5+ Qxd5 43. f8=Q Qb3 0-1

[Event "Copenhagen Chess Challenge 2013"]
[Site "Ballerup"]
[Date "2013.??.??"]
[Round "8"]
[White "Tandrup, Michael"]
[Black "Andersen, Rune Egede"]
[Result "1-0"]
[WhiteElo "1977"]
[BlackElo "2069"]
[PlyCount "73"]
[EventDate "2013.??.??"]
[EventType "swiss"]
[EventRounds "9"]
[EventCountry "DEN"]

1. d4 d5 2. Nf3 Nf6 3. g3 e6 4. Bg2 Be7 5. c4 O-O 6. O-O dxc4 7. Ne5 c5 8. dxc5
Qc7 9. Nxc4 Rd8 10. Qb3 Nbd7 11. Bf4 e5 12. Bg5 Nxc5 13. Qc2 Be6 14. Ne3 Qa5
15. Nc3 Rac8 16. Nf5 Bf8 17. Bxf6 gxf6 18. Rad1 b5 19. Rxd8 Rxd8 20. Ne4 Nd7
21. Bh3 Qxa2 22. Qc7 Ra8 23. Rd1 Qxb2 24. Ne7+ Bxe7 25. Bxe6 Qxe2 26. Nc3 Qc2
27. Rxd7 fxe6 28. Rxe7 b4 29. Qc6 Rf8 30. Qxe6+ Kh8 31. Rf7 Qc1+ 32. Kg2 Qh6
33. Ne4 Rb8 34. Rxf6 Qh5 35. Rf5 Qe8 36. Qf6+ Kg8 37. Rg5+ 1-0

[Event "Copenhagen Chess Challenge 2013"]
[Site "Ballerup"]
[Date "2013.??.??"]
[Round "8"]
[White "Andersen, Daniel"]
[Black "Skovgaard, Ib"]
[Result "0-1"]
[WhiteElo "1935"]
[BlackElo "2028"]
[PlyCount "30"]
[EventDate "2013.??.??"]
[EventType "swiss"]
[EventRounds "9"]
[EventCountry "DEN"]

1. c4 c6 2. d4 d5 3. cxd5 cxd5 4. Nc3 Nf6 5. Bf4 Bd7 6. Qb3 Nc6 7. e3 Rc8 8.
Qxb7 e5 9. Bxe5 Nxe5 10. dxe5 Qa5 11. Rd1 Bb4 12. Nge2 O-O 13. Nd4 Rc7 14. Qa6
Rxc3 15. Qxa5 Rxe3# 0-1

[Event "Copenhagen Chess Challenge 2013"]
[Site "Ballerup"]
[Date "2013.??.??"]
[Round "8"]
[White "Hansen, Rasmus Agertoft"]
[Black "Nielsen, Thomas (1975)"]
[Result "0-1"]
[WhiteElo "1981"]
[BlackElo "1886"]
[PlyCount "52"]
[EventDate "2013.??.??"]
[EventType "swiss"]
[EventRounds "9"]
[EventCountry "DEN"]

1. e4 c6 2. d4 d5 3. Nc3 dxe4 4. Nxe4 Bf5 5. Ng3 Bg6 6. Nh3 e6 7. Nf4 Bd6 8. h4
Ne7 9. Bc4 Qc7 10. Ngh5 O-O 11. g4 Nd5 12. Qf3 Nd7 13. Bb3 a5 14. c4 Nxf4 15.
Nxf4 a4 16. Bd1 e5 17. Nh5 exd4 18. Kf1 Rfe8 19. c5 Nxc5 20. Nxg7 Kxg7 21. Bh6+
Kg8 22. Qf6 Bf8 23. Bxf8 Rxf8 24. h5 Bd3+ 25. Kg1 Qd8 26. Qe5 Qd5 0-1

[Event "Copenhagen Chess Challenge 2013"]
[Site "Ballerup"]
[Date "2013.??.??"]
[Round "8"]
[White "Undheim, Bjarne"]
[Black "Karlsson, Ulf"]
[Result "1/2-1/2"]
[WhiteElo "1836"]
[BlackElo "2004"]
[PlyCount "182"]
[EventDate "2013.??.??"]
[EventType "swiss"]
[EventRounds "9"]
[EventCountry "DEN"]

1. e4 c5 2. Nf3 Nc6 3. Bb5 e6 4. Bxc6 bxc6 5. Qe2 d6 6. d3 Ne7 7. b3 Ng6 8. O-O
Be7 9. Bb2 e5 10. Nc3 O-O 11. Qd2 Nf4 12. Ne2 Ne6 13. Ne1 Bg5 14. Qd1 Nd4 15.
Ng3 f5 16. exf5 Nxf5 17. Ne4 Bh6 18. c3 Qe7 19. Ba3 a5 20. Nf3 Nh4 21. Nxh4
Qxh4 22. Nxd6 Bg4 23. g3 Qh3 24. f3 Be3+ 25. Kh1 Qxf1+ 26. Qxf1 Bxf3+ 27. Qxf3
Rxf3 28. Ne4 a4 29. Kg2 Rf7 30. Bxc5 Bxc5 31. Nxc5 axb3 32. Nxb3 Rb7 33. Nc1
Rb2+ 34. Kf3 Kf7 35. a4 Ke6 36. a5 Rb5 37. Ke4 Rbxa5 38. Rxa5 Rxa5 39. Nb3 Ra3
40. Nc5+ Kd6 41. Nb7+ Kc7 42. Nc5 Kd6 43. Nb7+ Ke6 44. c4 Ra2 45. Nc5+ Kd6 46.
Nb7+ Kc7 47. Nc5 Re2+ 48. Kf3 Rxh2 49. Ne6+ Kd6 50. Nxg7 Rh1 51. Nf5+ Ke6 52.
Ne3 h5 53. Ng2 Kf5 54. Ne3+ Ke6 55. Ng2 Rd1 56. Ke4 Rg1 57. Kf3 Rf1+ 58. Ke2
Ra1 59. Kf3 Kf5 60. Ne3+ Ke6 61. Ng2 Kf6 62. Ne3 Rg1 63. Kf2 Rb1 64. Kf3 Rh1
65. Kg2 Ra1 66. Kf3 Ra3 67. Ke4 Ke6 68. Ng2 Ra2 69. Kf3 Rd2 70. Ne1 Kf5 71. Ke3
Ra2 72. Kf3 Ra1 73. Ng2 Rf1+ 74. Ke2 Rg1 75. Ne3+ Ke6 76. Kf2 Ra1 77. Kf3 Ra3
78. Ke4 Ra2 79. Kf3 Rd2 80. Ke4 Rf2 81. Nd1 Rg2 82. Kf3 Rd2 83. Nf2 Kf5 84. Ke3
Ra2 85. Kf3 Ra1 86. g4+ hxg4+ 87. Nxg4 Ra3 88. Nf2 Ra1 89. Ke3 Re1+ 90. Kd2 Rb1
91. Ke3 Re1+ 1/2-1/2

[Event "Copenhagen Chess Challenge 2013"]
[Site "Ballerup"]
[Date "2013.??.??"]
[Round "8"]
[White "Henriksen, Christian Steen"]
[Black "Petrovski, Petruli"]
[Result "0-1"]
[WhiteElo "1814"]
[BlackElo "1858"]
[PlyCount "84"]
[EventDate "2013.??.??"]
[EventType "swiss"]
[EventRounds "9"]
[EventCountry "DEN"]

1. d4 Nf6 2. c4 e6 3. Nc3 c5 4. d5 exd5 5. cxd5 d6 6. e4 g6 7. Nf3 Bg7 8. Bg5
h6 9. Bf4 a6 10. a4 O-O 11. Bd3 Qe7 12. O-O Nh5 13. Bd2 Nd7 14. Qc1 Kh7 15. Be3
Ne5 16. Nxe5 Qxe5 17. Qd2 f5 18. exf5 Bxf5 19. Bxf5 Qxf5 20. Rad1 Rae8 21. Ne2
Rf7 22. Ng3 Qg4 23. Nxh5 Qxh5 24. Bf4 Be5 25. Bg3 Ref8 26. Bxe5 Qxe5 27. Rde1
Qf4 28. Qxf4 Rxf4 29. Re7+ R8f7 30. Re6 Rxa4 31. Rxd6 Rb4 32. Rb1 c4 33. Rd8 c3
34. Rc8 Rxb2 35. Rc1 Rfxf2 36. R8xc3 Rxg2+ 37. Kh1 Rxh2+ 38. Kg1 Kg7 39. Rd1
Rhd2 40. Rf1 Rg2+ 41. Kh1 Rh2+ 42. Kg1 Rbg2# 0-1

[Event "Copenhagen Chess Challenge 2013"]
[Site "Ballerup"]
[Date "2013.??.??"]
[Round "8"]
[White "Tikkanen, Hans"]
[Black "Ochsner, Bjorn Moller"]
[Result "1/2-1/2"]
[WhiteElo "2552"]
[BlackElo "2347"]
[PlyCount "154"]
[EventDate "2013.??.??"]
[EventType "swiss"]
[EventRounds "9"]
[EventCountry "DEN"]

1. d4 Nf6 2. Nf3 e6 3. e3 b6 4. Bd3 Bb7 5. O-O d5 6. Nbd2 Nbd7 7. b3 Bd6 8. Bb2
O-O 9. Ne5 Ne4 10. Bb5 c6 11. Nxe4 dxe4 12. Bxc6 Bxe5 13. Bxb7 Bxh2+ 14. Kxh2
Qb8+ 15. f4 Qxb7 16. g4 b5 17. c3 Rfc8 18. Qe2 a5 19. Rac1 a4 20. g5 axb3 21.
axb3 Ra2 22. Ra1 Rca8 23. Kg3 R8a3 24. Qc2 Nb6 25. Rxa2 Rxa2 26. Qb1 Ra8 27.
Rf2 Qd5 28. Bc1 h6 29. gxh6 gxh6 30. Rh2 Kh7 31. Bd2 Qf5 32. Kf2 h5 33. Qh1 Kh6
34. Rg2 f6 35. Qg1 Qh7 36. Ke2 Qf7 37. Qb1 f5 38. Rg5 Rg8 39. Qg1 Kh7 40. Be1
Nd7 41. Rxg8 Qxg8 42. Qxg8+ Kxg8 43. Bh4 Kf7 44. Kd2 Nf8 45. c4 bxc4 46. bxc4
Ke8 47. Ke2 Nd7 48. c5 Nb8 49. Kf2 Nc6 50. Kg3 Kf7 51. Bg5 Nb4 52. Kf2 Ke8 53.
Ke2 Kd7 54. Bh4 Nd5 55. Bg5 Kc6 56. Kd2 Nb4 57. Kc3 Nd5+ 58. Kd2 Nc7 59. Bd8
Na6 60. Ke2 Nb4 61. Ba5 Nd5 62. Bd8 Kb5 63. Kd2 Nb4 64. Kc3 Nd3 65. Bh4 Nc1 66.
Kd2 Nd3 67. Kc3 Kc6 68. Kd2 Kd5 69. Bg5 Nf2 70. Bh4 Nh3 71. Ke2 Ng1+ 72. Kf1
Nf3 73. Bf2 Kc6 74. Kg2 Nd2 75. Kh3 Nf3 76. Kg2 Kd5 77. Kh3 Kc6 1/2-1/2

[Event "Copenhagen Chess Challenge 2013"]
[Site "Ballerup"]
[Date "2013.??.??"]
[Round "8"]
[White "Hove, Esben Kjems"]
[Black "Bejtovic, Jasmin"]
[Result "0-1"]
[WhiteElo "2233"]
[BlackElo "2406"]
[PlyCount "86"]
[EventDate "2013.??.??"]
[EventType "swiss"]
[EventRounds "9"]
[EventCountry "DEN"]

1. d4 Nf6 2. c4 g6 3. Nc3 Bg7 4. e4 d6 5. f3 O-O 6. Be3 a6 7. Nge2 Nbd7 8. Qd2
c5 9. d5 b5 10. cxb5 axb5 11. Nxb5 Ba6 12. Nec3 Qa5 13. a4 Rfb8 14. Ra3 Nb6 15.
Be2 Qb4 16. Na2 Qxd2+ 17. Bxd2 Nfd7 18. Bc3 Ne5 19. Nc1 Nec4 20. Rb3 Bxb5 21.
Rxb5 Rxa4 22. Bxg7 Kxg7 23. Kf2 Ne5 24. Nb3 Nbd7 25. Rxb8 Nxb8 26. Nd2 Rb4 27.
b3 g5 28. g3 Ng6 29. Ke3 Nd7 30. Ra1 Nb6 31. Bc4 Ne5 32. Rc1 Nbxc4+ 33. bxc4
Ra4 34. h3 Ra3+ 35. Ke2 h5 36. Rc2 Kf6 37. Rc1 h4 38. gxh4 gxh4 39. f4 Ng6 40.
Rf1 Rxh3 41. Rf3 Rh2+ 42. Ke3 Rg2 43. Rh3 Re2+ 0-1

[Event "Copenhagen Chess Challenge 2013"]
[Site "Ballerup"]
[Date "2013.??.??"]
[Round "8"]
[White "Nilsen, Joachim Birger"]
[Black "Westerinen, Heikki"]
[Result "1-0"]
[WhiteElo "2229"]
[BlackElo "2335"]
[PlyCount "81"]
[EventDate "2013.??.??"]
[EventType "swiss"]
[EventRounds "9"]
[EventCountry "DEN"]

1. d4 d5 2. Nf3 Bf5 3. c4 e6 4. Nc3 c6 5. Qb3 Qb6 6. c5 Qxb3 7. axb3 Nd7 8. b4
a6 9. b5 cxb5 10. Nxb5 Rc8 11. Nc3 Ne7 12. Nh4 Bc2 13. Kd2 Bg6 14. Nxg6 hxg6
15. e3 Nc6 16. Bd3 Be7 17. Ra4 O-O 18. Ke2 Bd8 19. Bd2 Ba5 20. Rb1 Bb4 21. Na2
Bxd2 22. Kxd2 e5 23. Nc3 exd4 24. exd4 Rfd8 25. Ne2 Nf8 26. b4 Ne6 27. b5 axb5
28. Rxb5 Ra8 29. Rxa8 Rxa8 30. Rxb7 Ncxd4 31. Nxd4 Nxd4 32. Ke3 Ne6 33. c6 Rc8
34. Bb5 Nc7 35. Ba4 Ne6 36. Rb6 Kf8 37. Bb3 Rd8 38. Rb5 d4+ 39. Ke4 d3 40. Bxe6
fxe6 41. c7 1-0

[Event "Copenhagen Chess Challenge 2013"]
[Site "Ballerup"]
[Date "2013.??.??"]
[Round "8"]
[White "Tari, Aryan"]
[Black "Thybo, Jesper Sondergaard"]
[Result "1-0"]
[WhiteElo "2293"]
[BlackElo "2091"]
[PlyCount "47"]
[EventDate "2013.??.??"]
[EventType "swiss"]
[EventRounds "9"]
[EventCountry "DEN"]

1. e4 c6 2. d4 d5 3. exd5 cxd5 4. c4 Nf6 5. Nc3 Nc6 6. Bf4 Bg4 7. Be2 Bxe2 8.
Ngxe2 g6 9. Qb3 Qd7 10. Nxd5 Nxd5 11. cxd5 Na5 12. Qf3 Bg7 13. Rc1 O-O 14. b4
Qa4 15. bxa5 Qxa5+ 16. Rc3 Qxa2 17. O-O Rfd8 18. Rfc1 Qxd5 19. Qxd5 Rxd5 20.
Rc7 Bxd4 21. Rxe7 Rad8 22. Rxb7 Bb2 23. Rf1 Rd1 24. g3 1-0

[Event "Copenhagen Chess Challenge 2013"]
[Site "Ballerup"]
[Date "2013.??.??"]
[Round "8"]
[White "Slettebo, Jan"]
[Black "Gandrud, Vegar Koi"]
[Result "0-1"]
[WhiteElo "2054"]
[BlackElo "2251"]
[PlyCount "172"]
[EventDate "2013.??.??"]
[EventType "swiss"]
[EventRounds "9"]
[EventCountry "DEN"]

1. e4 c5 2. Nf3 a6 3. c4 d6 4. Be2 Nc6 5. d4 cxd4 6. Nxd4 Nxd4 7. Qxd4 e5 8.
Qd3 Nf6 9. O-O Be7 10. b3 O-O 11. Ba3 Qc7 12. Rd1 Rd8 13. Nc3 Be6 14. Bc1 Rac8
15. a4 Nd7 16. Qb1 b6 17. Nd5 Bxd5 18. Rxd5 Nf6 19. Rd1 Qb7 20. f3 Nd7 21. Be3
a5 22. Bf1 Nc5 23. g3 Qc6 24. Bg2 Rb8 25. Ra2 Ne6 26. f4 Nc5 27. Rd5 Qc7 28.
Rad2 Na6 29. Rf2 Nb4 30. Rd1 Bf6 31. f5 Qe7 32. Qc1 h6 33. h4 Nc6 34. Kh2 Nd4
35. Rb2 Rdc8 36. Qd2 Qc7 37. Qf2 Qe7 38. Kh3 Kh7 39. g4 g5 40. hxg5 Bxg5 41.
Bxd4 exd4 42. f6 Qe5 43. Rf1 d3 44. Qf5+ Qxf5 45. Rxf5 Rc5 46. e5 d2 47. Be4
Kg8 48. Rxg5+ hxg5 49. Rxd2 Rxe5 50. Bc6 Rd8 51. Kg2 Kh7 52. Rf2 Kg6 53. Rf3
Re6 54. Bd5 Re2+ 55. Kf1 Rde8 56. Rd3 R2e3 57. Rd4 Kxf6 58. Bc6 Rd8 59. Rd5 Re5
60. Rd3 Kg6 61. Kg2 f5 62. gxf5+ Kxf5 63. Rf3+ Kg6 64. Kg3 Kg7 65. Rd3 Kf6 66.
b4 axb4 67. Rb3 Rc8 68. Bb5 d5 69. Rxb4 dxc4 70. Bxc4 Rc6 71. Bf1 Rf5 72. Bh3
Rf4 73. Rb3 Rfc4 74. Rf3+ Kg6 75. Bd7 Rc7 76. Be8+ Kg7 77. Rf5 R4c5 78. Rf1 Re5
79. Bb5 Rf7 80. Rd1 Rfe7 81. Rd6 R7e6 82. Rd7+ Kf6 83. Bc4 Re3+ 84. Kf2 R6e4
85. Rf7+ Ke5 86. Bb5 Rf4+ 0-1

[Event "Copenhagen Chess Challenge 2013"]
[Site "Ballerup"]
[Date "2013.??.??"]
[Round "8"]
[White "Skousen, Nikolai"]
[Black "Poulsen, Iver"]
[Result "0-1"]
[WhiteElo "2192"]
[BlackElo "2057"]
[PlyCount "52"]
[EventDate "2013.??.??"]
[EventType "swiss"]
[EventRounds "9"]
[EventCountry "DEN"]

1. e4 c5 2. Nf3 Nc6 3. Nc3 g6 4. d4 cxd4 5. Nxd4 Bg7 6. Be3 Nf6 7. Bc4 O-O 8.
Bb3 a5 9. O-O a4 10. Nxa4 Nxe4 11. Nb5 Ra6 12. Qe2 d6 13. c4 Nf6 14. Rad1 Bg4
15. f3 Be6 16. Nc5 Ra8 17. Nxe6 fxe6 18. c5 d5 19. Bf4 Qd7 20. Nc7 Nh5 21. Nxe6
Nxf4 22. Nxf4 Bd4+ 23. Rxd4 Nxd4 24. Qe5 Rxf4 25. Bxd5+ e6 26. Bc4 Rf5 0-1

[Event "Copenhagen Chess Challenge 2013"]
[Site "Ballerup"]
[Date "2013.??.??"]
[Round "8"]
[White "Matthiesen, Martin"]
[Black "Jacobsen, Mads Holger Bang"]
[Result "1/2-1/2"]
[WhiteElo "2284"]
[BlackElo "2050"]
[PlyCount "23"]
[EventDate "2013.??.??"]
[EventType "swiss"]
[EventRounds "9"]
[EventCountry "DEN"]

1. e4 c5 2. Nf3 e6 3. d3 Nc6 4. g3 g6 5. Bg2 Bg7 6. O-O Nge7 7. c3 O-O 8. d4 d5
9. e5 Qb6 10. dxc5 Qc7 11. Bf4 Nxe5 12. Nxe5 1/2-1/2

[Event "Copenhagen Chess Challenge 2013"]
[Site "Ballerup"]
[Date "2013.??.??"]
[Round "8"]
[White "Brekka, Hanus"]
[Black "Frank Nielsen, Marie"]
[Result "1/2-1/2"]
[WhiteElo "2092"]
[BlackElo "1984"]
[PlyCount "41"]
[EventDate "2013.??.??"]
[EventType "swiss"]
[EventRounds "9"]
[EventCountry "DEN"]

1. e4 c5 2. Nf3 e6 3. d4 cxd4 4. Nxd4 a6 5. Nc3 Qc7 6. Bd3 Nf6 7. O-O Nc6 8.
Nxc6 bxc6 9. Qf3 Bd6 10. h3 O-O 11. Bg5 Be5 12. Qe2 d5 13. Bd2 c5 14. exd5 exd5
15. Qf3 c4 16. Bf5 Bb7 17. Bg5 d4 18. Ne4 Bxe4 19. Bxe4 Nxe4 20. Qxe4 Rfe8 21.
f4 1/2-1/2

[Event "Copenhagen Chess Challenge 2013"]
[Site "Ballerup"]
[Date "2013.??.??"]
[Round "8"]
[White "Petersen, Peter Birk"]
[Black "Orio, Lars"]
[Result "1-0"]
[WhiteElo "2167"]
[BlackElo "1936"]
[PlyCount "23"]
[EventDate "2013.??.??"]
[EventType "swiss"]
[EventRounds "9"]
[EventCountry "DEN"]

1. e4 c6 2. d4 d5 3. e5 c5 4. c3 Nc6 5. Nf3 e6 6. Bd3 Nge7 7. dxc5 a5 8. Bg5
Qc7 9. Na3 Nxe5 10. Nb5 Nxd3+ 11. Qxd3 Qxc5 12. Be3 1-0

[Event "Copenhagen Chess Challenge 2013"]
[Site "Ballerup"]
[Date "2013.??.??"]
[Round "8"]
[White "Nielsen, Brian"]
[Black "Andersen, Troels Baekgaard"]
[Result "1/2-1/2"]
[WhiteElo "2022"]
[BlackElo "1837"]
[PlyCount "34"]
[EventDate "2013.??.??"]
[EventType "swiss"]
[EventRounds "9"]
[EventCountry "DEN"]

1. d4 Nf6 2. c4 e6 3. g3 Be7 4. Nf3 b6 5. Bg2 Bb7 6. O-O O-O 7. Nc3 d5 8. cxd5
Nxd5 9. Nxd5 Bxd5 10. Bf4 Nd7 11. Qc2 c5 12. e4 Bb7 13. Rfd1 Nf6 14. dxc5 Qc8
15. Ng5 Qxc5 16. Qe2 Rac8 17. Rac1 Qa5 1/2-1/2

[Event "Copenhagen Chess Challenge 2013"]
[Site "Ballerup"]
[Date "2013.??.??"]
[Round "8"]
[White "Andreassen, Mikkel"]
[Black "Vesterli, Michael E"]
[Result "1/2-1/2"]
[WhiteElo "1928"]
[BlackElo "2015"]
[PlyCount "77"]
[EventDate "2013.??.??"]
[EventType "swiss"]
[EventRounds "9"]
[EventCountry "DEN"]

1. d4 Nf6 2. c4 g6 3. g3 Bg7 4. Bg2 O-O 5. Nc3 d6 6. Nf3 Nbd7 7. O-O e5 8. e4
exd4 9. Nxd4 Re8 10. Re1 a6 11. h3 Rb8 12. Be3 Ne5 13. b3 c5 14. Nf3 Nxf3+ 15.
Qxf3 b5 16. Rad1 b4 17. Bxc5 bxc3 18. Bxd6 c2 19. Bxb8 cxd1=Q 20. Rxd1 Qb6 21.
Qf4 Bb7 22. Rd6 Qa5 23. Ba7 Qxa2 24. Bd4 Nh5 25. Qe3 Bf8 26. Rd7 Qb1+ 27. Kh2
Bxe4 28. f3 Bc6 29. Qxe8 Bxd7 30. Qxd7 Qxb3 31. c5 Qb8 32. f4 Qb3 33. Qg4 Qc4
34. f5 Bxc5 35. fxg6 Qxd4 36. gxh7+ Kxh7 37. Qxh5+ Kg7 38. Qg5+ Kf8 39. Qh6+
1/2-1/2

[Event "Copenhagen Chess Challenge 2013"]
[Site "Ballerup"]
[Date "2013.??.??"]
[Round "8"]
[White "Marthedal, Anton Mehmet Yildiz"]
[Black "Vyvyan, Philippe"]
[Result "1/2-1/2"]
[WhiteElo "1574"]
[BlackElo "1709"]
[PlyCount "59"]
[EventDate "2013.??.??"]
[EventType "swiss"]
[EventRounds "9"]
[EventCountry "DEN"]

1. c4 Nf6 2. Nc3 e6 3. g3 d5 4. cxd5 exd5 5. e3 Be7 6. Bg2 O-O 7. Nge2 c5 8. d4
Be6 9. O-O Nc6 10. b3 Rc8 11. Bb2 cxd4 12. Nxd4 Nxd4 13. Qxd4 Bc5 14. Qd3 Qd7
15. Rfd1 Rfd8 16. Rac1 Bg4 17. Rd2 Bf5 18. e4 dxe4 19. Qxd7 Rxd7 20. Rxd7 Bxd7
21. Nxe4 Nxe4 22. Bxe4 b6 23. Rd1 Bg4 24. Rd5 Be6 25. Rd2 Bb4 26. Rd1 Bg4 27.
f3 Bc5+ 28. Kf1 Bh3+ 29. Ke2 Re8 30. Kd2 1/2-1/2

[Event "Copenhagen Chess Challenge 2013"]
[Site "Ballerup"]
[Date "2013.??.??"]
[Round "8"]
[White "Jensen, Jonbert"]
[Black "Haagen Larsen, Hans"]
[Result "0-1"]
[WhiteElo "1576"]
[BlackElo "1745"]
[PlyCount "60"]
[EventDate "2013.??.??"]
[EventType "swiss"]
[EventRounds "9"]
[EventCountry "DEN"]

1. e4 e6 2. d4 d5 3. Nc3 Bb4 4. exd5 exd5 5. Nge2 Nc6 6. a3 Bxc3+ 7. Nxc3 Nge7
8. Be2 Bf5 9. h3 Qd7 10. Be3 O-O-O 11. g4 Be6 12. Rg1 Kb8 13. Na4 Qd6 14. Rg3
Ng6 15. Qd2 f5 16. gxf5 Bxf5 17. Bg4 Rhf8 18. O-O-O Be4 19. Nc3 Rde8 20. Nb5
Qf6 21. Rf1 h6 22. f3 Nh4 23. Qf2 Bf5 24. Nc3 Ne7 25. Ne2 g5 26. Bh5 Bg6 27.
Bxg6 Qxg6 28. Qg1 Nef5 29. Nf4 Qd6 30. Rg4 Nxe3 0-1

[Event "Copenhagen Chess Challenge 2013"]
[Site "Ballerup"]
[Date "2013.??.??"]
[Round "9"]
[White "Georgiev, Vladimir"]
[Black "Haub, Thorsten Michael"]
[Result "1/2-1/2"]
[WhiteElo "2559"]
[BlackElo "2458"]
[PlyCount "23"]
[EventDate "2013.??.??"]
[EventType "swiss"]
[EventRounds "9"]
[EventCountry "DEN"]

1. d4 g6 2. e4 Bg7 3. c4 d6 4. Nc3 Nd7 5. Be3 a6 6. Be2 c6 7. Nf3 b5 8. O-O
Ngf6 9. cxb5 axb5 10. a3 O-O 11. h3 Nb6 12. Qd2 1/2-1/2

[Event "Copenhagen Chess Challenge 2013"]
[Site "Ballerup"]
[Date "2013.??.??"]
[Round "9"]
[White "Brynell, Stellan"]
[Black "Andersen, Mads"]
[Result "1/2-1/2"]
[WhiteElo "2478"]
[BlackElo "2484"]
[PlyCount "60"]
[EventDate "2013.??.??"]
[EventType "swiss"]
[EventRounds "9"]
[EventCountry "DEN"]

1. d4 d5 2. c4 c6 3. Nf3 Nf6 4. Nc3 e6 5. Bg5 h6 6. Bh4 dxc4 7. e4 g5 8. Bg3 b5
9. Be2 Bb7 10. h4 g4 11. Ne5 h5 12. O-O Nbd7 13. Qc2 Nxe5 14. Bxe5 Bg7 15. b3
O-O 16. bxc4 Nh7 17. Bxg7 Kxg7 18. d5 cxd5 19. exd5 bxc4 20. dxe6 Qxh4 21. Nb5
fxe6 22. Nc7 Rf6 23. Nxa8 Bxg2 24. Kxg2 Qh3+ 25. Kg1 g3 26. fxg3 Qxg3+ 27. Kh1
Qh3+ 28. Kg1 Qg3+ 29. Kh1 Qh3+ 30. Kg1 Qg3+ 1/2-1/2

[Event "Copenhagen Chess Challenge 2013"]
[Site "Ballerup"]
[Date "2013.??.??"]
[Round "9"]
[White "Semcesen, Daniel"]
[Black "Arvola, Benjamin"]
[Result "1/2-1/2"]
[WhiteElo "2464"]
[BlackElo "2358"]
[PlyCount "38"]
[EventDate "2013.??.??"]
[EventType "swiss"]
[EventRounds "9"]
[EventCountry "DEN"]

1. c4 c5 2. Nf3 Nf6 3. Nc3 e6 4. g3 b6 5. Bg2 Bb7 6. O-O Be7 7. d4 cxd4 8. Qxd4
O-O 9. Rd1 d6 10. b3 Nbd7 11. Bb2 a6 12. Ng5 Qb8 13. Nge4 Ne8 14. Qe3 h6 15. a4
Nef6 16. Nxf6+ Nxf6 17. Ba3 Rd8 18. h3 Bf8 19. Rd3 Bxg2 1/2-1/2